| 000 | 00441nam a2200205Ia 4500 | ||
|---|---|---|---|
| 001 | 13412 | ||
| 003 | GE_BSU | ||
| 008 | 181216s||||||||xx |||||||||||||| ||und|| | ||
| 020 | _a9780746303849 | ||
| 040 | _cGE_BSU | ||
| 080 | _a636.71 | ||
| 100 | _aWright,Don | ||
| 245 | _aBusiness of Banking | ||
| 260 | _aLondon | ||
| 260 | _bNorthote House | ||
| 260 | _c1986 | ||
| 300 | _a244p.24cm. | ||
| 653 | _aBusiness of Banking | ||
| 942 | _cBK | ||
| 999 |
_c46573 _d46573 |
||